Responses for show #1045 - Friday, March 3, 1989

Contestants

[<< previous game]

Bill Granoff, a database administrator from Culver City, California

David Gordy, a law clerk from Woodland Hills, California

Chris McKillop, a management consultant from Toronto, Canada (whose 3-day cash winnings total $34,851)

Jeopardy! Round responses

STARTS WITH "D"
WORLD GEOGRAPHY
POP MUSIC
SPORTS TRIVIA
DOLLS
NUMBER, PLEASE
    $100 21
dam

Chris
    $100 13
Dublin

Chris
    $100 15
Genesis

Bill
    $100 3
softball

Bill
    $100 26
glow

Chris
    $100 4
9

David
    $200 22
diamonds

Chris
    $200 12
Venezuela

David
    $200 14
Casey Kasem

David
    $200 5
3

Chris
    $200 27
hair

David
    $200 8
3

David
    $300 23
Damon

Chris
    $300 1
(Alex: There you go again!)

Canada

Chris
    $300 17
(Alex: Of course! What else would you put on your mashed potatoes; well, butter, I suppose!)

gravy

Chris
    $300 6
San Francisco Giants

David
    $300 28
(Bill: Who was Barble?)

Brooke Shields

Bill
Triple Stumper
    $300 10
500

Chris
    $400 24
despot

David
    $400 2
Bosporus

David
    $400 18
Lionel Richie

Bill
    $400 7
Boris Becker

Bill
    $400 29
The Twilight Zone

David
    $400 16
100

David
    $500 25
double vision

Bill
    $800 11
the Philippines

Chris
    $500 20
Susie (or Cathy)

Bill
    $500 9
Janet Guthrie

Bill
    $500 30
Hopi

Bill
    $500 19
19

Chris

Scores at the first commercial break (after clue 16):

Chris David Bill
$1,700 $1,800 $1,100

Scores at the end of the Jeopardy! Round:

Chris David Bill
$3,200 $2,800 $2,700

Double Jeopardy! Round responses

THE MIDDLE AGES
MOVIES
ASTRONOMY
HERBS & SPICES
BOOKS
MORTAL MATTERS
    $200 8
China

Chris
    $200 4
Bull Durham

Bill
    $200 6
Hawaii (the big island)

Chris
    $200 28
rosemary & thyme

Bill
    $200 12
(Bill: What is if he turns her down?)

if they don't marry the man of their choice

ChrisBill
    $200 30
Herman Munster

Chris
    $400 7
(Bill: What is....?)

Franks

DavidBill
    $400 22
(Bill: What is..."City?")

The Naked City

ChrisBill
    $400 2
nebulas

Chris
    $400 20
allspice

Chris
    $400 17
Kelley Blue Book

Bill
    $400 29
Elvis Presley

Chris
    $600 9
(Bill: What is the serf system?)
(Alex: No, can't accept that.)

Feudalism

ChrisBill
    $600 26
Sergeant York

David
    $600 1
the moon

David
    $600 16
laurel

David
    $600 13
The Guinness Book of World Records

Chris
    $600 25
Dian Fossey

David
    $4,000 10
(Chris: Who is St. Thomas?)
(Alex: I don't think I can accept that -- there are a lot of St. Thomases.)

St. Thomas a'Becket

Chris
    $800 27
True Grit

Bill
    $800 3
asteroid

David
    $800 18
turmeric

Triple Stumper
    $800 23
(Chris: What are office politics?)
(Alex: Yeah, we'll accept that.)

corporate games

Chris
    $800 24
(Alex: We've got about a minute to go.)

"'O Bury Me Not on the Lone Prairie"

Bill
    $1000 11
Venice

David
    $1000 21
The Pink Panther

David
    $1,000 5
Greenwich Observatory

Bill
    $1000 19
mace

Triple Stumper
    $1000 14
E.B. White

Chris
    $1000 15
(David: Who was Onassis?)
(Chris: Who is Edsel Ford?)

Henry Ford II

ChrisDavidBill

Scores at the end of the Double Jeopardy! Round:

Chris David Bill
$3,600 $7,400 $5,500

[wagering suggestions for these scores]

Final Jeopardy! Round responses

THE REVOLUTIONARY WAR
ChrisWho was John Adams?
$3,600
BillWho is Sam Adams?
$5,500
DavidWho was John Hancock?
$3,700
Samuel Adams or John Hancock

Final scores:

Chris David Bill
$0 $11,100 $11,000
3rd place: Luggage from Giassi Luggage Works New champion: $11,100 2nd place: Scott Arts Graphic serigraph "The Dow Is Up" & La-Z-Boy recliner rocker chair

Game dynamics:

Coryat scores:

Chris David Bill
$7,300 $7,400 $5,500
23 R
(including 1 DD),
2 W
(including 1 DD)
18 R,
1 W
15 R
(including 1 DD),
5 W

Combined Coryat: $20,200

The J! Archive is created by fans, for fans. The Jeopardy! game show and all elements thereof, including but not limited to copyright and trademark thereto, are the property of Jeopardy Productions, Inc. and are protected under law. This website is not affiliated with, sponsored by, or operated by Jeopardy Productions, Inc. Join the discussion at JBoard.tv.